000
00206 a2200097 4500
020
_a
9789707310940
041
_a
spa
100
_a
Gomez Bolanos, Roberto
245
_a
el diario del chavo del ocho
942
_c
BK
999
_c
7922
_d
7922